Geography groups of four by clue - Statistics

General Stats
  • This quiz has been taken 282 times
  • The average score is 18 of 28
Answer Stats
Clue Answer % Correct
Countries that border Thailand Laos
97%
Major islands touching the Caribbean Sea Cuba
95%
Cities in Europe with 10 or more skyscrapers* London
95%
African megacities (pop. 10M+) Cairo
94%
Countries that border Thailand Cambodia
93%
Countries that border Thailand Myanmar
91%
Cities in Europe with 10 or more skyscrapers* Paris
91%
Major islands touching the Caribbean Sea Jamaica
89%
Countries that border Thailand Malaysia
89%
Mountains in the top 10 in both China and Nepal** Mount Everest
86%
African megacities (pop. 10M+) Lagos
83%
Major islands touching the Caribbean Sea Hispaniola
79%
Inhabited overseas territories of nordic countries Greenland
76%
African megacities (pop. 10M+) Johannesburg
76%
Cities in Europe with 10 or more skyscrapers* Moscow
75%
Major continuous landmasses Australia
64%
African megacities (pop. 10M+) Kinshasa
64%
Major continuous landmasses Afro-Eurasia
61%
Major continuous landmasses Americas
60%
Major islands touching the Caribbean Sea Puerto Rico
58%
Inhabited overseas territories of nordic countries Faroe Islands
54%
Major continuous landmasses Antarctica
53%
Cities in Europe with 10 or more skyscrapers* Frankfurt am Main
52%
Inhabited overseas territories of nordic countries Svalbard
30%
Inhabited overseas territories of nordic countries Åland Islands
17%
Mountains in the top 10 in both China and Nepal** Lhotse
6%
Mountains in the top 10 in both China and Nepal** Cho Oyu
3%
Mountains in the top 10 in both China and Nepal** Makalu
2%
No matching quizzes found
Score Distribution
Percent of People with Each Score
Percentile by Number Answered
Your Score History
You have not taken this quiz